Music Quiz

Random Music or Lyrics Quiz

Guess the Song Lyrics - HARD version 2 Quiz Stats

 Plays Quiz not verified by Sporcle

Challenge
Share
Tweet
Embed
Score 0/181 Timer 06:00
0 Plays Today
% Correct
and
100%
a
100%
and
100%
a
100%
I
99.6%
I
99.6%
You
95%
you
95%
you
95%
you
95%
you
95%
you,
95%
you
95%
you
95%
you
95%
you
95%
you
95%
you
95%
you
95%
you
95%
you
95%
you,
95%
me
77.2%
me
77.2%
me
77.2%
me
77.2%
do
74.4%
do
74.4%
it
74.4%
do?
74.4%
do
74.4%
do
74.4%
do?
74.4%
do
74.4%
do
74.4%
do?
74.4%
to
73.7%
to
73.7%
to
73.7%
to
73.7%
What
70.5%
What
70.5%
What
70.5%
is
68.3%
can
65.8%
Your
64.8%
Your
64.8%
my
62.3%
my
62.3%
my
62.3%
my
62.3%
my
62.3%
How
59.8%
How
59.8%
How
59.8%
are
56.2%
of
56.2%
are
56.2%
of
56.2%
want.
55.5%
know,
55.2%
% Correct
know
55.2%
know,
55.2%
know
55.2%
So
53.7%
so
53.7%
So
53.7%
so
53.7%
not
52%
not
52%
that
48%
that
48%
All
46.6%
all
46.6%
all.
46.6%
all.
46.6%
all.
46.6%
I'm
45.6%
I'm
45.6%
I'm
45.6%
I'm
45.6%
I'm
45.6%
you're
44.8%
you're
44.8%
this
41.3%
one
41.3%
one
41.3%
think?
40.9%
think
40.9%
think?
40.9%
think
40.9%
think?
40.9%
think
40.9%
Can't
40.2%
Can't
40.2%
at
40.2%
Can't
40.2%
at
40.2%
here.
35.6%
here
35.6%
here
35.6%
feel?
34.5%
feel?
34.5%
feel?
34.5%
got
33.1%
got
33.1%
got
33.1%
got
33.1%
got
33.1%
need
32.4%
need
32.4%
I've
29.9%
I've
29.9%
I've
29.9%
I've
29.9%
over
27.4%
over
27.4%
over
27.4%
Come
27%
life.
26.3%
life.
26.3%
life.
26.3%
% Correct
you've
25.3%
give
25.3%
give
25.3%
does,
24.2%
let
23.1%
let
23.1%
let
23.1%
let
23.1%
live
22.4%
live
22.4%
girl,
21.4%
girl,
21.4%
about
18.1%
about
18.1%
something
15.3%
something
15.3%
yeah,
14.2%
tonight
13.9%
tonight
13.9%
There's
13.5%
There's
13.5%
gonna
13.2%
gonna
13.2%
Gonna
13.2%
Gonna
13.2%
gonna
13.2%
Gonna
13.2%
'cause
11.4%
'cause
11.4%
that's
10.7%
makes
10%
makes
10%
kind.
9.6%
kind.
9.6%
moment.
7.5%
care
7.5%
moment.
7.5%
moment.
7.5%
Everybody
6.8%
lonely.
6.8%
lonely.
6.8%
lonely.
6.8%
slide
5.7%
sleeping.
5.7%
Whatcha
5.7%
slide
5.7%
Whatcha
5.7%
Whatcha
5.7%
sleeping.
5.7%
moves
5%
moves
5%
okay.
4.6%
sweat.
4.6%
sweat.
4.6%
yesterday.
3.9%
raw.
3.2%
raw.
3.2%
21st
2.1%
century's
2.1%

You're not logged in!

Compare scores with friends on all Sporcle quizzes.
Join for Free
OR
Log In

You Might Also Like...

Show Comments

Extras

Created May 15, 2010ReportNominate
Tags:Lyrics Quiz, Song Quiz, hard, version

Top Quizzes Today


Score Distribution

Your Account Isn't Verified!

In order to create a playlist on Sporcle, you need to verify the email address you used during registration. Go to your Sporcle Settings to finish the process.

Report this User

Report this user for behavior that violates our Community Guidelines.

Details: